असामान्य असाधारण अलौकिक स्मरणशक्ती कशी वाढवावी ?. (Record no. 773996)

MARC details
000 -LEADER
fixed length control field 01021nam a2200181Ia 4500
008 - FIXED-LENGTH DATA ELEMENTS--GENERAL INFORMATION
fixed length control field 100921s9999 xx 000 0 und d
082 ## - DEWEY DECIMAL CLASSIFICATION NUMBER
Item number 24883
Classification number 154 0
100 ## - MAIN ENTRY--PERSONAL NAME
Personal name रघुवंशी रमेश.
245 ## - TITLE STATEMENT
Title असामान्य असाधारण अलौकिक स्मरणशक्ती कशी वाढवावी ?.
260 ## - PUBLICATION, DISTRIBUTION, ETC. (IMPRINT)
Name of publisher, distributor, etc रघुवंशी प्रकाशन, पुणे.
Date of publication, distribution, etc 0
300 ## - PHYSICAL DESCRIPTION
Extent 70
Other physical details मॅजेस्टीक प्रकाशन,पुणे.
365 ## - TRADE PRICE
Price amount 15
520 ## - SUMMARY, ETC.
Summary, etc तत्वज्ञान-स्मरण-ग्रहणशिक्त.
630 ## - SUBJECT ADDED ENTRY--UNIFORM TITLE
Uniform title असामान्य असाधारण अलौकिक स्मरणशक्ती कशी वाढवावी ?.
650 ## - SUBJECT ADDED ENTRY--TOPICAL TERM
Topical term or geographic name as entry element तत्वज्ञान-स्मरण-ग्रहणशिक्त.
730 ## - ADDED ENTRY--UNIFORM TITLE
Uniform title असामान्य असाधारण अलौकिक स्मरणशक्ती कशी वाढवावी ?.
942 ## - ADDED ENTRY ELEMENTS (KOHA)
Koha item type Book
Holdings
Withdrawn status Lost status Damaged status Not for loan Home library Current library Shelving location Date acquired Cost, normal purchase price Total Checkouts Barcode Date last seen Price effective from Koha item type Public note
        Lo. Tilak Granthasangrahalaya, Wai Lo. Tilak Granthasangrahalaya, Wai     15.00   WAITILAKGS-24883 09/21/2010 09/21/2010 Book देवघेव